LIBRARY & INFORMATION CENTRE, KCAET, TAVANUR

ONLINE PUBLIC ACCESS CATALOGUE (OPAC)

Numerical recipes in C : the art of scientific computing / (Record no. 9665)

MARC details
000 -LEADER
fixed length control field 00646cam a2200229ua 4500
020 ## - INTERNATIONAL STANDARD BOOK NUMBER
ISBN 81 85618 16 x
041 ## - LANGUAGE CODE
Language code of text/sound track or separate title eng
082 ## - DEWEY DECIMAL CLASSIFICATION NUMBER
Classification number 005.133
Item number PRE/NU
100 ## - MAIN ENTRY--AUTHOR NAME
Personal name Press, William H .
245 ## - TITLE STATEMENT
Title Numerical recipes in C : the art of scientific computing /
250 ## - EDITION STATEMENT
Edition statement 2 /
260 ## - PUBLICATION, DISTRIBUTION, ETC. (IMPRINT)
Place of publication Cambridge :
Name of publisher Cambridge University Press ,
Year of publication 1988.
300 ## - PHYSICAL DESCRIPTION
Number of Pages 994 ; .
700 1# - ADDED ENTRY--PERSONAL NAME
Personal name Flannery, Brian .
700 1# - ADDED ENTRY--PERSONAL NAME
Personal name Teukolsky, Saul A .
700 1# - ADDED ENTRY--PERSONAL NAME
Personal name Velterling, William T .
942 ## - ADDED ENTRY ELEMENTS (KOHA)
Koha item type Books
Holdings
Withdrawn status Lost status Damaged status Home library Current library Date acquired Full call number Accession Number Koha item type
      KAUAET KAUAET 07/04/2012 005.133 18674 Books
      KAUAET KAUAET 07/04/2012 005.133 19041 Books
free website counter